000 00430nam a22001817a 4500
005 20180131162748.0
008 160618b xxu||||| |||| 00| 0 eng d
020 _a978-81-7656-752-7
041 _aeng
082 _b8159
_a400
100 _aSinha, Pradeep K and Sinha, Priti
_94030
245 _aComputer Fundamentals
250 _a4th ed.
260 _bBPB
_c2007
300 _a417
650 _aManagement
_9241
942 _cBK
999 _c3113
_d3112